000 00837nam a2200145Ia 4500
008 090124s9999 xx 000 0 und d
082 _b34079
245 _a डॉ.बाबासाहेब आंबेडकरांची पत्रकारिता: एक समाजशास्त्रीय विश्लेषण
250 _a0
260 _bइंगोले-खंडाळे विजया
_c2007
300 _a480
630 _a डॉ.बाबासाहेब आंबेडकरांची पत्रकारिता: एक समाजशास्त्रीय विश्लेषण
730 _a डॉ.बाबासाहेब आंबेडकरांची पत्रकारिता: एक समाजशास्त्रीय विश्लेषण
942 _cBOOK
999 _c196741
_d196741